|
|
|
|
| LEADER |
01926nam a2200445Ia 4500 |
| 001 |
EBC306141 |
| 003 |
MiAaPQ |
| 005 |
20200520144314.0 |
| 006 |
m o d | |
| 007 |
cr cn||||||||| |
| 008 |
070321s2007 cau sb s001 0beng d |
| 010 |
|
|
|z 2007011570
|
| 020 |
|
|
|z 9780520224957 (cloth : alk. paper)
|
| 035 |
|
|
|a (MiAaPQ)EBC306141
|
| 035 |
|
|
|a (Au-PeEL)EBL306141
|
| 035 |
|
|
|a (CaPaEBR)ebr10180722
|
| 035 |
|
|
|a (CaONFJC)MIL235619
|
| 035 |
|
|
|a (OCoLC)476084893
|
| 040 |
|
|
|a MiAaPQ
|c MiAaPQ
|d MiAaPQ
|
| 050 |
|
4 |
|a F869.L853
|b M873 2007
|
| 082 |
0 |
4 |
|a 979.4/94053092
|a B
|2 22
|
| 100 |
1 |
|
|a Davis, Margaret L.
|
| 245 |
1 |
4 |
|a The culture broker
|h [electronic resource] :
|b Franklin D. Murphy and the transformation of Los Angeles /
|c Margaret Leslie Davis.
|
| 260 |
|
|
|a Berkeley :
|b University of California Press,
|c c2007.
|
| 300 |
|
|
|a xv, 490 p.
|
| 504 |
|
|
|a Includes bibliographical references and index.
|
| 533 |
|
|
|a Electronic reproduction. Ann Arbor, MI : ProQuest, 2015. Available via World Wide Web. Access may be limited to ProQuest affiliated libraries.
|
| 600 |
1 |
0 |
|a Murphy, Franklin D.,
|d 1916-1994.
|
| 610 |
2 |
0 |
|a University of California, Los Angeles
|x Officials and employees
|v Biography.
|
| 610 |
2 |
0 |
|a Times Mirror Company
|x Officials and employees
|v Biography.
|
| 650 |
|
0 |
|a Arts
|z California
|z Los Angeles
|x History
|y 20th century.
|
| 650 |
|
0 |
|a Museums
|z California
|z Los Angeles
|x History
|y 20th century.
|
| 650 |
|
0 |
|a Cosmopolitanism
|z California
|z Los Angeles
|x History
|y 20th century.
|
| 650 |
|
0 |
|a Charities
|z California
|z Los Angeles
|x History
|y 20th century.
|
| 651 |
|
0 |
|a Los Angeles (Calif.)
|v Biography.
|
| 651 |
|
0 |
|a Los Angeles (Calif.)
|x Cultural policy.
|
| 651 |
|
0 |
|a Los Angeles (Calif.)
|x Civilization
|y 20th century.
|
| 655 |
|
4 |
|a Electronic books.
|
| 710 |
2 |
|
|a ProQuest (Firm)
|
| 856 |
4 |
0 |
|u https://ebookcentral.proquest.com/lib/matrademy/detail.action?docID=306141
|z Click to View
|